To be young, gifted and black /

Bibliographic Details
Main Author: Hansberry, Lorraine, 1930-1965
Corporate Author: Caedmon Records
Other Authors: Nemiroff, Robert
Format: Cassette Audio Book
Language:English
Published: N.Y., N.Y. : Caedmon, [1970]

MARC

Tag First Indicator Second Indicator Subfields
LEADER 00000cim a2200000 a 4500
001 in00000079041
005 20151008055215.0
007 ss lunslc||||e
008 740612s1970 nyunnnn z d 1 eng d
010 |z  71752122  
035 |a (OCoLC)00916297 
035 |9 AAJ2826AM 
040 |c WPG  |d OCL  |d m.c.  |d TXA  |d UtOrBLW 
049 |a TXAV 
090 |a PS3515.A515  |b T6 1970 
100 1 |a Hansberry, Lorraine,  |d 1930-1965. 
245 1 0 |a To be young, gifted and black /  |c Lorraine Hansberry ; adapted by Robert Nemiroff. 
264 1 |a N.Y., N.Y. :  |b Caedmon,  |c [1970] 
264 4 |c ©1970 
300 |a 3 sound cassettes (142 min.) :  |b 1 7/8 ips. 
306 |a 022216 
336 |a spoken word  |b spw  |2 rdacontent 
337 |a audio  |b s  |2 rdamedia 
338 |a audiocassette  |b ss  |2 rdacarrier 
500 |a Caedmon : CDL 5342 
500 |a Directed by Gigi Cascio and Robert Nemiroff. 
500 |a Program notes in container. 
511 1 |a Lorraine Hansberry, James Earl Jones, Camille Yarbrough, John Towey, Barbara Baxley, Garn Stephens, Claudia McNeil, Tina Sattin. 
500 |a Sound recording. 
700 1 |a Nemiroff, Robert. 
710 2 |a Caedmon Records. 
999 |a MARS 
999 f f |s d8261e55-34bd-326f-ab4e-afff9480cac4  |i 0ef27093-67ee-30e1-b3c4-b523797b3de7  |t 0 
952 f f |p ric  |a Texas A&M University  |b Rellis Campus  |c Joint Library Facility  |d Remote Storage  |t 0  |e PS3515.A515 T6 1970  |h Library of Congress classification  |i audio -- audiocassette  |k Cassette2  |m A14843237703 
952 f f |p ric  |a Texas A&M University  |b Rellis Campus  |c Joint Library Facility  |d Remote Storage  |t 0  |e PS3515.A515 T6 1970  |h Library of Congress classification  |i audio -- audiocassette  |k Cassette1  |m A14806058252 
998 f f |a PS3515.A515 T6 1970  |t 0  |l Remote Storage